<?xml version="1.0" encoding="UTF-8"?><?xml-stylesheet type="text/xsl" href="static/style.xsl"?><OAI-PMH xmlns="http://www.openarchives.org/OAI/2.0/" xmlns:xsi="http://www.w3.org/2001/XMLSchema-instance" xsi:schemaLocation="http://www.openarchives.org/OAI/2.0/ http://www.openarchives.org/OAI/2.0/OAI-PMH.xsd"><responseDate>2026-04-27T22:06:58Z</responseDate><request verb="GetRecord" identifier="oai:uvadoc.uva.es:10324/51249" metadataPrefix="marc">https://uvadoc.uva.es/oai/request</request><GetRecord><record><header><identifier>oai:uvadoc.uva.es:10324/51249</identifier><datestamp>2022-05-25T12:14:35Z</datestamp><setSpec>com_10324_38</setSpec><setSpec>col_10324_852</setSpec></header><metadata><record xmlns="http://www.loc.gov/MARC21/slim" xmlns:doc="http://www.lyncode.com/xoai" xmlns:xsi="http://www.w3.org/2001/XMLSchema-instance" xmlns:dcterms="http://purl.org/dc/terms/" xsi:schemaLocation="http://www.loc.gov/MARC21/slim http://www.loc.gov/standards/marcxml/schema/MARC21slim.xsd">
<leader>00925njm 22002777a 4500</leader>
<datafield tag="042" ind1=" " ind2=" ">
<subfield code="a">dc</subfield>
</datafield>
<datafield tag="720" ind1=" " ind2=" ">
<subfield code="a">Calo Lamelas, Aldara</subfield>
<subfield code="e">author</subfield>
</datafield>
<datafield tag="260" ind1=" " ind2=" ">
<subfield code="c">2021</subfield>
</datafield>
<datafield tag="520" ind1=" " ind2=" ">
<subfield code="a">El presente trabajo indaga acerca del papel de los microcréditos como herramienta contra el &#xd;
aumento de la pobreza a causa del Covid-19 en Colombia. La actual crisis sanitaria ha afectado &#xd;
en mayor medida a países en vías de desarrollo, siendo América Latina y el Caribe la región más &#xd;
golpeada por los efectos negativos de la pandemia.&#xd;
Ante el escenario actual y por su fundamentación, los microcréditos se han convertido por parte &#xd;
tanto de los gobiernos, como de las instituciones microfinancieras (IMFs), en un importante &#xd;
vehículo para llegar a las poblaciones con pocos recursos y suavizar las consecuencias que han &#xd;
tenido para ellos la crisis sanitaria. Por otra parte, estos productos financieros también han &#xd;
servido de ayuda a muchas Pymes para poder sobrevivir a los elevados costes que han supuesto &#xd;
para ellas las medidas adoptadas por los diferentes gobiernos para frenar la expansión del virus. &#xd;
Pero la crisis sanitaria también trajo consigo amenazas dentro del sector financiero, por lo que &#xd;
las instituciones microfinancieras tuvieron que adaptarse y reinventarse a través de su oferta y &#xd;
demanda para poder sobrevivir.</subfield>
</datafield>
<datafield tag="520" ind1=" " ind2=" ">
<subfield code="a">This paper investigates the role of microcredits as a tool against the increase in poverty caused by Covid-19 in Colombia. The current health crisis has affected developing countries to a greater extent, with Latin America and the Caribbean being the region hardest hit by the negative effects of the pandemic.&#xd;
Given the current scenario and due to its foundations, microcredits have become by both governments and microfinance institutions (IMFs) an important vehicle to reach populations with few resources and soften the consequences of the health crisis. On the other hand, these financial products have also helped many SMEs to survive the high costs that the measures adopted by different governments to curb the spread of the virus have entailed for them, but the health crisis also brought with it threats within of the financial sector, so microfinance institutions had to adapt and reinvent themselves through their supply and demand in order to survive.</subfield>
</datafield>
<datafield tag="024" ind2=" " ind1="8">
<subfield code="a">https://uvadoc.uva.es/handle/10324/51249</subfield>
</datafield>
<datafield ind1=" " ind2=" " tag="653">
<subfield code="a">Microcreditos - Colombia</subfield>
</datafield>
<datafield ind1=" " ind2=" " tag="653">
<subfield code="a">COVID-19 (Enfermedad) - Colombia</subfield>
</datafield>
<datafield ind1=" " ind2=" " tag="653">
<subfield code="a">Igualdad - Aspecto económico - Colombia</subfield>
</datafield>
<datafield tag="245" ind1="0" ind2="0">
<subfield code="a">El microcrédito como herramienta contra el aumento de la desigualdad social causada por el covid-19. El caso de colombia</subfield>
</datafield>
</record></metadata></record></GetRecord></OAI-PMH>